000 01147nam a2200313 a 4500
001 000114646
003 CHAP
005 20220329144451.0
008 180314s2017 mx |sm |||||||spa d
010 _a111107
011 _a112079
040 _cCHAP
090 _aTesis
100 1 _aJiménez Hernández, Patricia
_9134865
245 1 0 _aPrograma de cómputo para calendarios de riego, con diferentes métodos indirectos de evapotranspiración
_h[En línea]
_cpor Patricia Jiménez Hernández.
260 _aChapingo, Méx. :
_bEl autor,
_c2017.
500 _aPara ver el contenido del material haga clic en la liga
502 _aTesis (Ing. Agr. Esp. en Irrigación) -- UACH. Departamento de Irrigación
590 _aE6337LMJ
_b05
_c20180314
_lUCH01
_h1038
590 _aE6337LMJ
_b05
_c20180314
_lUCH01
_h1038
650 1 4 _aCalendario para irrigación.
_917464
650 1 4 _aEvapotranspiración.
_938968
650 1 4 _aMétodos de riego.
_976630
650 1 4 _aProcesamiento automático de datos.
_991738
856 _aFinding aid
_uhttp://10.13.5.2/tesis/sist114646.pdf
_zTeclea aquí
901 _aBK
942 _cTESIS
942 _n0
999 _c111107
_d111107